Latin Artists by Picture 6 - Statistics

General Stats
  • This quiz has been taken 11 times
  • The average score is 12 of 20
Answer Stats
Picture Answer % Correct
Enrique Iglesias
100%
Baby Rasta
75%
Benny Benni
75%
Darkiel
75%
Guaynaa
75%
Quevedo
75%
Sebastian Yatra
75%
Alexio
50%
Anonimus
50%
Gringo
50%
Grupo Frontera
50%
Juanes
50%
Kevin Roldan
50%
Lele Pons
50%
Omar Courtz
50%
Paloma Mami
50%
Pusho
50%
Ryan Castro
50%
Luigi 21+
25%
Mariah Angeliq
25%
No matching quizzes found
Score Distribution
Percent of People with Each Score
Percentile by Number Answered
Your Score History
You have not taken this quiz